| 000 | 00993nam a22002654a 4500 | ||
|---|---|---|---|
| 005 | 20090722155035.0 | ||
| 008 | 081003s2008 ii 001 0aeng | ||
| 010 | _aENG-94505 | ||
| 020 |
_a9788170493273 _c495.00 |
||
| 035 | _aEN-78038 | ||
| 037 | _bDBAD / PUB | ||
| 040 |
_adpl _bEnglish |
||
| 082 | _a352.63092 | ||
| 100 | _aSundaram, G. | ||
| 245 |
_aPlight of honesty : _bthe untold bureaucracy / _cby G. Sundaram |
||
| 260 |
_aNew Delhi _bManas Publications _c2008 |
||
| 270 |
_a4402/5A, Main Ansari Road, (Opp HDFC Bank) Daryaganj, _bNew Delhi _e110002 |
||
| 300 |
_a418 p. ; _c23cm(Hb) |
||
| 500 | _aIncludes index. | ||
| 600 |
_aSundaram, G., _d1938- |
||
| 650 |
_aCivil service _zIndia _vBiography. |
||
| 942 |
_2ddc _cEN _mSUN _h352.63092 |
||
| 999 |
_c28552 _d28552 |
||